MARC

LEADER 00000nam0a2200000 4500
001 292858
005 20231102000534.0
035 |a (RuTPU)RU\TPU\book\317510 
090 |a 292858 
100 |a 20150427d1975 km y0rusy50 ca 
101 0 |a rus 
102 |a RU 
105 |a a z 001zy 
200 1 |a Оксредметрия  |f под ред. Б. П. Никольского, В. В. Пальчевского 
210 |a Ленинград  |c Химия  |d 1975 
215 |a 304 с.  |c ил. 
320 |a Библиография в конце глав 
606 1 |a Титрование окислительно-восстановительное  |2 stltpush  |3 (RuTPU)RU\TPU\subj\46882  |9 65974 
610 1 |a оксредметрия 
610 1 |a окислительно-восстановительные процессы 
610 1 |a водные растворы 
610 1 |a электролиты 
610 1 |a комплексообразование 
610 1 |a лиганды 
610 1 |a редокситы 
675 |a 543.24  |v 3 
702 1 |a Никольский  |b Б. П.  |4 340 
702 1 |a Пальчевский  |b В. В.  |4 340 
801 1 |a RU  |b 63413507  |c 20150427 
801 2 |a RU  |b 63413507  |c 20170629  |g RCR 
942 |c BK